[Event "ICS rated blitz match"]
[Site "207.99.83.227"]
[Date "1999.05.08"]
[Round "?"]
[White "Rook99"]
[Black "Hossa"]
[Result "0-1"]
[WhiteElo "2261"]
[BlackElo "2428"]
[PlyCount "52"]

1. d4 Nf6 2. c4 d6 3. Nc3 Nbd7 4. Nf3 e5 5. dxe5 dxe5 6. g3 e4 7. Nd4 Bb4 8.
Bg2 Bxc3+ 9. bxc3 O-O 10. O-O Qe7 11. Rb1 Rd8 12. Qc2 Nc5 13. Ba3 c6 14. Rfd1
e3 15. f4 Bg4 16. h3 Bh5 17. g4 Nxg4 18. hxg4 Bxg4 19. Bxc5 Qxc5 20. Rxb7 Qd6
21. Qe4 c5 22. Qxe3 Be6 23. Bd5 Bxd5 24. Nf5 Qg6+ 25. Kf2 Qg2+ 26. Ke1 26...
Bxb7 {Rook99 resigns} 0-1

[Event "ICS rated blitz match"]
[Site "207.99.83.227"]
[Date "1999.05.08"]
[Round "?"]
[White "Hossa"]
[Black "Rook99"]
[Result "1-0"]
[WhiteElo "2432"]
[BlackElo "2242"]
[PlyCount "57"]

1. e4 e6 2. Nf3 d5 3. exd5 exd5 4. Bb5+ c6 5. Be2 Bd6 6. O-O Ne7 7. d4 O-O 8.
Re1 Bf5 9. Bg5 Nd7 10. c4 f6 11. Bc1 Re8 12. Nc3 Kh8 13. Qb3 Qb6 14. Qxb6 axb6
15. cxd5 Nxd5 16. Nxd5 cxd5 17. Be3 Rec8 18. Nh4 Be6 19. Bb5 Nf8 20. Bd2 g6 21.
Bh6 Bf7 22. Bd3 Ne6 23. Nf3 Kg8 24. a3 Ra4 25. Bb5 Ra5 26. Bd7 Rc6 27. Rxe6
Bxh2+ 28. Nxh2 Rxe6 29. Rc1 {Rook99 resigns} 1-0

[Event "ICS rated blitz match"]
[Site "207.99.83.227"]
[Date "1999.05.08"]
[Round "?"]
[White "j724"]
[Black "Hossa"]
[Result "0-1"]
[WhiteElo "2135"]
[BlackElo "2436"]
[PlyCount "114"]

1. d4 Nf6 2. Nf3 e6 3. Bf4 c5 4. c3 Qb6 5. Qc2 cxd4 6. cxd4 Bb4+ 7. Nbd2 O-O 8.
a3 Bxd2+ 9. Bxd2 d5 10. e3 Bd7 11. Rc1 Re8 12. Bd3 Bb5 13. b4 Qa6 14. Ne5 Bxd3
15. Qxd3 Qxd3 16. Nxd3 Ne4 17. f3 Nxd2 18. Kxd2 Nc6 19. Nc5 b6 20. Nd3 Rac8 21.
Rc2 Ne7 22. Rhc1 Rxc2+ 23. Rxc2 Rc8 24. b5 Rxc2+ 25. Kxc2 Nf5 26. Kd2 Nh4 27.
Ne1 h5 28. e4 Kf8 29. Kc3 g5 30. Kb4 dxe4 31. fxe4 g4 32. a4 f5 33. exf5 Nxf5
34. Nc2 h4 35. a5 Ke7 36. a6 Kf6 37. Kc4 Kg5 38. d5 Nd6+ 39. Kb4 exd5 40. Nd4
Kg6 41. Nc6 Nc8 42. Kc3 Kf6 43. Kd4 Ke6 44. Nd8+ Ke7 45. Nc6+ Kd6 46. Nd8 Ne7
47. Nf7+ Ke6 48. Nd8+ Kf6 49. Nc6 Nxc6+ 50. bxc6 Ke6 51. c7 Kd7 52. Kxd5 Kxc7
53. Ke4 b5 54. Kf4 Kb6 55. Kxg4 b4 56. Kxh4 b3 57. g4 57... b2 {j724 resigns}
0-1

[Event "ICS rated blitz match"]
[Site "207.99.83.227"]
[Date "1999.05.08"]
[Round "?"]
[White "Hossa"]
[Black "Peronne"]
[Result "1-0"]
[WhiteElo "2441"]
[BlackElo "2080"]
[PlyCount "35"]

1. e4 c5 2. Nc3 d6 3. Bc4 Nc6 4. d3 Nf6 5. Nf3 g6 6. Ng5 e6 7. Bf4 Bg7 8. Nb5
Qa5+ 9. Kf1 O-O 10. Bxd6 a6 11. Bxf8 Bxf8 12. Nc3 b5 13. Qf3 h6 14. Bxe6 hxg5
15. Bxc8 Bg7 16. e5 Nd4 17. Qxa8 Nxc2 18. Rc1 {Peronne resigns} 1-0

[Event "ICS rated blitz match"]
[Site "207.99.83.227"]
[Date "1999.05.08"]
[Round "?"]
[White "Rook99"]
[Black "Hossa"]
[Result "0-1"]
[WhiteElo "2204"]
[BlackElo "2445"]
[PlyCount "30"]

1. d4 Nf6 2. c4 d6 3. Nc3 Nbd7 4. Nf3 e5 5. dxe5 dxe5 6. e4 Bb4 7. Bd3 Nc5 8.
Bc2 Qxd1+ 9. Bxd1 Nfxe4 10. O-O Nxc3 11. bxc3 Bxc3 12. Be3 Bxa1 13. Bxc5 Bc3
14. Bc2 Bg4 15. Ng5 15... Be2 {Rook99 resigns} 0-1

[Event "ICS rated blitz match"]
[Site "207.99.83.227"]
[Date "1999.05.08"]
[Round "?"]
[White "Hossa"]
[Black "egghead"]
[Result "1/2-1/2"]
[WhiteElo "2449"]
[BlackElo "2507"]
[PlyCount "198"]

1. e4 e5 2. f4 exf4 3. Nf3 g5 4. h4 g4 5. Ne5 Nf6 6. Bc4 d5 7. exd5 Bd6 8. Bb5+
Nbd7 9. Nxg4 Qe7+ 10. Kf2 Bc5+ 11. d4 Nxg4+ 12. Qxg4 Bxd4+ 13. Kf1 Qe4 14. Qe2
Qxe2+ 15. Kxe2 a6 16. c3 Be5 17. Ba4 b5 18. Bb3 Nc5 19. Kf3 Bb7 20. Bxf4 Nxb3
21. Bxe5 Bxd5+ 22. Kf2 f6 23. Bxf6 O-O 24. axb3 Rxf6+ 25. Ke3 Re8+ 26. Kd4 Bxg2
27. Rg1 Re4+ 28. Kd3 Rd6+ 29. Kc2 Re2+ 30. Kc1 Kf7 31. Ra2 Be4 32. Na3 Ke6 33.
b4 Rh2 34. Re1 Ke5 35. c4 Rd4 36. cxb5 axb5 37. Rg1 h6 38. h5 Rxb4 39. Re1 Rb3
40. Rf1 Rxh5 41. Rf2 Rf5 42. Rh2 h5 43. Nc2 h4 44. Ne1 h3 45. Kd1 c5 46. Ra7
Rf4 47. Re7+ Kd6 48. Re8 Kd7 49. Re5 Kc6 50. Rd2 Bf5 51. Kc1 Rf1 52. Rh2 b4 53.
Kd1 Kd6 54. Re8 Kd5 55. Rd8+ Kc4 56. Re8 Rf4 57. Re5 Rd4+ 58. Kc1 Re4 59. Rxf5
Rxe1+ 60. Kc2 Ree3 61. Rf4+ Kb5 62. Rf5 Rbd3 63. Rh1 b3+ 64. Kb1 Rf3 65. Rh5
Kc6 66. Rc1 Rd5 67. Rh8 Rfd3 68. Rh6+ Kd7 69. Rh7+ Kd6 70. Rh6+ Kc7 71. Rh7+
Kb6 72. Rh6+ Kb5 73. Rh8 Re5 74. Rb8+ Kc6 75. Rc8+ Kd7 76. Rh8 Rf5 77. Rh6 Kc7
78. Rh1 Rdf3 79. Rc1 Re3 80. Rh1 Rfe5 81. Rc1 Rd3 82. Rh1 Ree3 83. Rc1 Kd7 84.
Rxc5 Re1+ 85. Rc1 Re2 86. Rg1 Re6 87. Rh7+ Re7 88. Rh6 Kc7 89. Rc1+ Kb7 90. Rh4
Re2 91. Rh1 Ree3 92. Rc1 Ka6 93. Rh6+ Kb5 94. Rh5+ Kb4 95. Rh4+ Ka5 96. Rh5+
Kb6 97. Rh6+ Kb5 98. Rh5+ Kb6 99. Rh6+ 99... Kb5 {Game drawn by repetition}
1/2-1/2

[Event "ICS rated blitz match"]
[Site "207.99.83.227"]
[Date "1999.05.08"]
[Round "?"]
[White "brutus"]
[Black "Hossa"]
[Result "0-1"]
[WhiteElo "2149"]
[BlackElo "2452"]
[PlyCount "72"]

1. e4 e5 2. Nf3 Nf6 3. Nc3 Bb4 4. Bc4 d6 5. d3 Be6 6. Bb3 O-O 7. Bg5 Nbd7 8.
O-O Qe8 9. Ne2 d5 10. Ng3 c6 11. Qe2 d4 12. Nh4 h6 13. Bc1 Nc5 14. Nhf5 Bd7 15.
Qf3 Nxb3 16. axb3 Qd8 17. Nxh6+ gxh6 18. Nf5 Bxf5 19. Qxf5 Kg7 20. f4 exf4 21.
Qxf4 Ng8 22. Rf3 Qe7 23. Rg3+ Kh8 24. Qg4 f5 25. Qg6 Rf6 26. Qh5 Be1 27. Rh3
fxe4 28. Bg5 Bf2+ 29. Kh1 e3 30. Bxf6+ Qxf6 31. Rf3 Qg5 32. Qf7 Ne7 33. Ra5 e2
34. Qf8+ Rxf8 35. Rxf8+ Kg7 36. Rxg5+ 36... hxg5 {brutus resigns} 0-1

[Event "ICS rated blitz match"]
[Site "207.99.83.227"]
[Date "1999.05.08"]
[Round "?"]
[White "Hossa"]
[Black "egghead"]
[Result "0-1"]
[WhiteElo "2457"]
[BlackElo "2504"]
[Annotator "Crafty v16.6"]
[PlyCount "148"]

{annotating for player ossa using a scoring margin of +0.20 pawns. search time
limit is 1:00} 1. e4 1... c5 2. Nc3 Nc6 3. Nf3 g6 4. Bb5 Bg7 5. d3 Qa5 6. O-O
Bxc3 7. Bxc6 dxc6 8. bxc3 Qxc3 9. Rb1 Qa5 10. Rb2 Bg4 11. Rxb7 Qxa2 12. Rb2 ({
9:-0.17} 12. Rb2 12... Qe6 13. h3 Bxf3 14. Qxf3 Nf6 15. Bf4 c4 16. Rb4 16... c3
$10) ({9:+0.35} 12. Be3 12... Bxf3 13. gxf3 Nf6 14. Bxc5 Nd7 15. Be3 a5 16. Bd4
16... e5 $14) 12... Qe6 13. h3 Bxf3 14. Qxf3 Nf6 15. Qg3 ({11:-0.17} 15. Qg3
15... O-O 16. Bh6 Rfd8 17. Qg5 c4 18. e5 Rd5 19. d4 c5 20. Qg3 $10) ({11:+0.21
} 15. Bh6 15... Qe5 16. Rb7 Nd7 17. Bf4 Qd4 18. Rc7 e5 19. Bh6 Qd6 20. Rb7 $10)
15... Nd7 16. Re1 ({10:-0.08} 16. Re1 16... c4 17. dxc4 O-O 18. Bh6 Rfd8 19.
Rb4 c5 20. Ra4 20... Ne5 $10) ({10:+0.36} 16. Bh6 16... Qf6 17. Rb7 e5 18. Rfb1
a5 19. Qg4 Qe6 20. Qg5 20... f5 $14) 16... Qe5 17. Qe3 ({11:-0.26} 17. Qe3
17... O-O 18. Rb7 Qd6 19. e5 Qe6 20. Qe4 Rfb8 21. Rc7 Rb4 22. Qxc6 Qxc6 23.
Rxc6 $10) ({11:+0.18} 17. Qxe5 17... Nxe5 18. Be3 f6 19. Rb7 a5 20. Bxc5 Nd7
21. Ba3 Kd8 22. Kh2 22... e5 $10) 17... Qd4 18. Qh6 Nb6 19. Rb3 Na4 20. Bg5 ({
11:+0.95} 20. Bg5 20... Nb6 21. Bd2 Qf6 22. e5 Qf5 23. Qg7 Kd7 24. Rb2 Rag8 25.
Qh6 $16) ({11:+1.40} 20. e5 20... c4 21. Ra3 Nb6 22. Qg7 Rf8 23. Qxh7 Kd7 24.
Bg5 Qd5 25. Bh6 $16) 20... Nb6 21. Be3 ({10:+0.42} 21. Be3 21... Qd6 22. f4 Nd7
23. e5 Qd5 24. Qg7 O-O-O 25. Ra1 25... Rdg8 $14) ({10:+0.64} 21. e5 21... Kd7
22. Re4 Qa1+ 23. Bc1 Ke8 24. Re1 c4 25. Qg7 Rf8 26. Bd2 $14) 21... Qd6 22. Qg7
({10:+0.48} 22. Qg7 22... Qf6 23. Qxf6 exf6 24. Ra1 Nd7 25. Rba3 Ke7 26. Rxa7
Rxa7 27. Rxa7 27... Rb8 $14) ({10:+0.77} 22. Ra1 22... Nd7 23. Ra6 c4 24. Rc3
Ne5 25. Bxa7 cxd3 26. cxd3 f6 27. Bc5 Rxa6 28. Bxd6 28... exd6 $16) 22... Qf6
23. Qxf6 exf6 24. Ra1 Nd7 25. Rba3 Ke7 26. Rxa7 Rxa7 27. Rxa7 Kd6 28. Bf4+ Ke7
29. Rc7 g5 30. Bg3 Ra8 31. Rxc6 Ra1+ 32. Kh2 Rf1 33. Bd6+ Kd8 34. Bxc5 Nxc5 35.
Rxc5 Rxf2 36. Rd5+ Ke7 37. c4 Ke6 38. Kg3 Rd2 39. Kf3 h5 40. d4 Rd3+ 41. Ke2
Rg3 42. c5 Rxg2+ 43. Kd3 Rg3+ 44. Kc4 Rxh3 45. c6 Rh2 46. Kd3 Rh3+ 47. Kd2 Rh2+
48. Kd1 Rh1+ 49. Kc2 Rh2+ 50. Kb3 Rh3+ 51. Kb4 Rh1 52. Rc5 Rb1+ 53. Ka5 Rb8 54.
Rf5 h4 55. Ka6 h3 56. d5+ Ke7 57. Rf1 g4 58. Rh1 Kd6 59. Rf1 g3 60. Rxf6+ Ke5
61. Rxf7 Re8 62. c7 g2 63. Re7+ Rxe7 64. c8=Q g1=Q 65. Qb8+ Kxe4 66. Qb4+ Kxd5
67. Qxe7 Qa1+ 68. Kb7 Qb2+ 69. Kc8 Qc3+ 70. Kd8 Qh8+ 71. Kd7 Qe5 72. Qf7+ Ke4
73. Kc6 h2 74. Qc4+ Kf5 0-1

[Event "ICS rated blitz match"]
[Site "207.99.83.227"]
[Date "1999.05.08"]
[Round "?"]
[White "GershovE"]
[Black "Hossa"]
[Result "0-1"]
[WhiteElo "2158"]
[BlackElo "2443"]
[PlyCount "132"]

1. e4 e5 2. Nf3 Nf6 3. Nc3 Bb4 4. d3 d5 5. exd5 Nxd5 6. Bd2 Nc6 7. Be2 O-O 8.
O-O Bf5 9. Ne4 Be7 10. Ng3 Be6 11. Be3 Qd6 12. Ne4 Qb4 13. Qc1 Rad8 14. a3 Qa5
15. b4 Qa4 16. Nc5 Bxc5 17. Bxc5 Nc3 18. Qd2 Ne4 19. Qe3 Nxc5 20. Qxc5 Rd5 21.
Qc3 a5 22. Rab1 axb4 23. axb4 Bg4 24. Rfe1 Rfd8 25. Nd2 Bxe2 26. Rxe2 Nd4 27.
Re4 Qxc2 28. Qxc2 Nxc2 29. g3 Rxd3 30. Nb3 f5 31. Rxe5 Na3 32. Rb2 Nc4 33. Ree2
Nxb2 34. Rxb2 b6 35. Kg2 Rc3 36. Nd2 c5 37. bxc5 bxc5 38. Nf3 Kf7 39. h4 Kg6
40. Rb6+ Kh5 41. Rb7 Kh6 42. Ne5 Rd5 43. Nf7+ Kh5 44. Ng5 h6 45. Ne6 g5 46.
Ng7+ Kg6 47. h5+ Kf6 48. Ne8+ Ke5 49. Rf7 Rc2 50. Ng7 Ke4 51. Re7+ Re5 52. Rf7
f4 53. Rf6 Re7 54. Nf5 f3+ 55. Kg1 Ke5 56. Rf8 Re6 57. Ne3 Rc1+ 58. Kh2 Ke4 59.
Rc8 Kd3 60. Rd8+ Ke2 61. Ng4 Re4 62. Nxh6 Kxf2 63. Nf5 g4 64. h6 Rg1 65. Rd2+
Re2 66. Rd6 66... Kf1# {GershovE checkmated} 0-1

[Event "ICS rated blitz match"]
[Site "207.99.83.227"]
[Date "1999.05.08"]
[Round "?"]
[White "Rook99"]
[Black "Hossa"]
[Result "1-0"]
[WhiteElo "2249"]
[BlackElo "2447"]
[Annotator "Crafty v16.6"]
[PlyCount "64"]

{annotating for player ossa using a scoring margin of +0.20 pawns. search time
limit is 1:00} 1. d4 1... Nf6 2. c4 d6 3. Nc3 Nbd7 4. e4 e5 5. d5 Be7 6. f3 O-O
7. Be3 Nb6 8. Qd2 c6 9. O-O-O cxd5 10. Nxd5 Nbxd5 11. cxd5 Bd7 12. Kb1 Qb8 13.
h4 Rc8 14. h5 Ba4 ({11:+0.00} 14... Ba4 15. b3 Bd7 16. h6 g6 17. Ne2 Rc7 18.
Rc1 Bf8 19. Bg5 Rxc1+ 20. Nxc1 20... Qd8 $10) ({11:+0.47} 14... h6 15. g4 Nh7
16. Nh3 Qc7 17. Rc1 Qd8 18. Bg2 Rab8 19. Rxc8 Rxc8 20. Rc1 $15) 15. b3 Be8 16.
g4 a5 17. g5 Nd7 18. Bb5 a4 19. g6 axb3 20. axb3 fxg6 21. hxg6 h5 ({9:-0.84} 
21... h5 22. Bxd7 Bxd7 23. Rxh5 Bf6 24. Qh2 Kf8 25. Rh8+ Ke7 26. Rxc8 Qxc8 27.
Rc1 27... Qd8 $16) ({9:+0.81} 21... h6 22. Nh3 Rc7 23. Rdg1 Nf8 24. Bxe8 Qxe8
25. Bb6 Rcc8 26. Qg2 $17) 22. Rxh5 Bxg6 23. Rh2 Nc5 24. b4 Bxe4+ 25. fxe4 Nxe4
26. Rh8+ Kxh8 27. Qh2+ Kg8 28. Ne2 Bg5 ({9:+2.44} 28... Bg5 29. Bd7 Re8 30. Qh3
Bxe3 31. Qxe3 Nf6 32. Bxe8 Qxe8 33. Kc1 $19) ({9:+4.11} 28... Qc7 29. Rc1 Qd8
30. Rh1 Nf6 31. Qh8+ Kf7 32. Qxd8 Bxd8 33. Rf1 Ra3 34. Bg5 $19) 29. Rh1 Bxe3 ({
8:-Mat07} 29... Bxe3 30. Qh7+ Kf8 31. Qf5+ Nf6 32. Rh8+ Kf7 33. Qe6+ Kg6 34.
Bd3+ e4 35. Bxe4+ Kg5 36. Qf5# $18) ({8:+0.63} 29... Bh6 30. Qh3 Qc7 31. Rc1
Nc5 32. Bxh6 gxh6 33. bxc5 33... Ra5 $15) 30. Qh7+ Kf8 31. Qf5+ Nf6 32. Rh8+
Kf7 1-0

[Event "ICS rated blitz match"]
[Site "207.99.83.227"]
[Date "1999.05.08"]
[Round "?"]
[White "Hossa"]
[Black "notnow"]
[Result "1-0"]
[WhiteElo "2423"]
[BlackElo "2045"]
[PlyCount "45"]

1. e4 e6 2. Nf3 f5 3. exf5 exf5 4. Bc4 Nf6 5. O-O d5 6. Re1+ Be7 7. Bb3 O-O 8.
Nc3 c6 9. d3 Kh8 10. Ng5 Ng4 11. Ne6 Bxe6 12. Rxe6 Bc5 13. Qf3 Bxf2+ 14. Kh1
Qd7 15. Re2 Bb6 16. Bf4 Qf7 17. Bd6 Rd8 18. Bg3 Nd7 19. Rf1 Ndf6 20. Be5 Nxe5
21. Rxe5 Ng4 22. Qxg4 Re8 23. Rexf5 {notnow resigns} 1-0

[Event "ICS rated blitz match"]
[Site "207.99.83.227"]
[Date "1999.05.08"]
[Round "?"]
[White "Hossa"]
[Black "Kengtin"]
[Result "1-0"]
[WhiteElo "2426"]
[BlackElo "2277"]
[PlyCount "59"]

1. e4 e5 2. f4 Bc5 3. Qh5 Nc6 4. fxe5 Qe7 5. Nf3 Nd4 6. Nxd4 Bxd4 7. Bc4 g6 8.
Qe2 Bxe5 9. O-O f6 10. Nc3 c6 11. d3 h5 12. Qf2 Nh6 13. Bxh6 Rxh6 14. d4 Bc7
15. Qxf6 Qxf6 16. Rxf6 b5 17. Bf7+ Ke7 18. Rxg6 Rxg6 19. Bxg6 Bb7 20. Bxh5 Rh8
21. g4 Bf4 22. Ne2 Be3+ 23. Kg2 c5 24. d5 Kd6 25. h4 Ke5 26. Kf3 Bd2 27. Ng3 d6
28. Nf5 Bc8 29. Ne7 Rf8+ 30. Ke2 {Kengtin resigns} 1-0

[Event "ICS rated blitz match"]
[Site "207.99.83.227"]
[Date "1999.05.08"]
[Round "?"]
[White "FrenchKnight"]
[Black "Hossa"]
[Result "0-1"]
[WhiteElo "2188"]
[BlackElo "2436"]
[PlyCount "36"]

1. e4 e5 2. Nf3 Nf6 3. Nxe5 Qe7 4. d4 d6 5. Nf3 Qxe4+ 6. Qe2 Bf5 7. c4 d5 8.
Nc3 Bb4 9. Bd2 Bxc3 10. bxc3 O-O 11. cxd5 Re8 12. Ne5 Qxd5 13. Qc4 Nc6 14. Qxd5
Nxd5 15. f4 f6 16. Bc4 Rad8 17. O-O fxe5 18. fxe5 18... Be6 {
FrenchKnight resigns} 0-1

[Event "ICS rated blitz match"]
[Site "207.99.83.227"]
[Date "1999.05.08"]
[Round "?"]
[White "Hossa"]
[Black "Marco-Aurelio"]
[Result "1-0"]
[WhiteElo "2442"]
[BlackElo "2045"]
[PlyCount "53"]

1. e4 c5 2. Nc3 d6 3. Bc4 Nf6 4. Nf3 Nc6 5. O-O g6 6. d4 cxd4 7. Nxd4 Nxd4 8.
Qxd4 Bg7 9. Bb5+ Kf8 10. Qa4 Be6 11. Bg5 a6 12. Bd3 b5 13. Qa3 Qb6 14. Nxb5 Ng4
15. Nc3 Bd4 16. Nd1 h5 17. c3 Be5 18. h3 f6 19. Bc1 g5 20. hxg4 hxg4 21. Re1
Kg7 22. Qb4 Rh4 23. Qxb6 Rah8 24. Kf1 g3 25. Qxa6 Bg4 26. f3 R4h7 27. fxg4 {
Marco-Aurelio resigns} 1-0

[Event "ICS rated blitz match"]
[Site "207.99.83.227"]
[Date "1999.05.08"]
[Round "?"]
[White "Hossa"]
[Black "Kengtin"]
[Result "1-0"]
[WhiteElo "2453"]
[BlackElo "2234"]
[PlyCount "47"]

1. e4 e5 2. f4 Bc5 3. Qh5 Nc6 4. fxe5 g6 5. Qe2 Nxe5 6. Nf3 Nxf3+ 7. Qxf3 Qf6
8. Be2 Qxf3 9. Bxf3 d6 10. c3 Bb6 11. d4 h5 12. a4 a6 13. O-O Nh6 14. Na3 Ba7
15. Bg5 Be6 16. e5 dxe5 17. Bxb7 Rb8 18. Bxa6 exd4 19. Nb5 dxc3+ 20. Nxa7 cxb2
21. Rab1 Nf5 22. Bb5+ Kf8 23. Rxb2 Nd4 24. Bf6 {Kengtin resigns} 1-0

[Event "ICS rated blitz match"]
[Site "207.99.83.227"]
[Date "1999.05.08"]
[Round "?"]
[White "Kengtin"]
[Black "Hossa"]
[Result "0-1"]
[WhiteElo "2227"]
[BlackElo "2460"]
[PlyCount "62"]

1. d4 Nf6 2. Nf3 e6 3. Bg5 Be7 4. Nbd2 O-O 5. c3 Nc6 6. e4 d5 7. Bxf6 Bxf6 8.
e5 Be7 9. Bd3 f6 10. exf6 Bxf6 11. Qe2 Qd6 12. O-O-O Qd7 13. h4 Re8 14. Ng5 g6
15. f4 Re7 16. Ndf3 Rb8 17. Rh2 Qd6 18. Ne5 a5 19. Rdh1 a4 20. a3 Rg7 21. Ngf3
Na5 22. Kb1 Nc4 23. Ka2 c5 24. g4 cxd4 25. cxd4 Qb6 26. g5 Bxe5 27. fxe5 Qb3+
28. Ka1 Nxb2 29. Qxb2 Qxd3 30. Rh3 Rc7 31. Nh2 31... Qxh3 {Kengtin resigns} 0-1

[Event "ICS rated blitz match"]
[Site "207.99.83.227"]
[Date "1999.05.08"]
[Round "?"]
[White "Hossa"]
[Black "Kengtin"]
[Result "1-0"]
[WhiteElo "2474"]
[BlackElo "2234"]
[PlyCount "103"]

1. e4 e5 2. f4 Bc5 3. Qh5 Nc6 4. fxe5 g6 5. Qe2 Nxe5 6. Nf3 Nxf3+ 7. Qxf3 Qf6
8. Be2 Qxf3 9. Bxf3 d6 10. c3 Bb6 11. d4 h5 12. a4 a6 13. O-O Be6 14. e5 dxe5
15. Bxb7 Rd8 16. Bg5 f6 17. Bxf6 Nxf6 18. a5 Ke7 19. axb6 cxb6 20. dxe5 Ng4 21.
Re1 a5 22. Bf3 Rhf8 23. b4 axb4 24. Ra7+ Rd7 25. Rxd7+ Kxd7 26. Bxg4 Bxg4 27.
cxb4 Ke6 28. Nc3 Rd8 29. h3 Bf5 30. Nb5 Rd2 31. Kh2 h4 32. Re3 Ke7 33. Nc3 Rd3
34. Rxd3 Bxd3 35. Nd5+ Ke6 36. Nf4+ Kxe5 37. Nxd3+ Kd4 38. Nf4 Kc4 39. Nxg6
Kxb4 40. Nxh4 Kc3 41. Nf5 b5 42. g4 b4 43. Ne3 b3 44. g5 Kd3 45. Nd1 Kc2 46. g6
Kxd1 47. g7 b2 48. g8=Q b1=Q 49. Qg1+ Kc2 50. Qxb1+ Kxb1 51. h4 Kc2 52. h5 {
Kengtin resigns} 1-0

[Event "ICS rated blitz match"]
[Site "207.99.83.227"]
[Date "1999.05.08"]
[Round "?"]
[White "Hossa"]
[Black "dillyman"]
[Result "1-0"]
[WhiteElo "2480"]
[BlackElo "2199"]
[PlyCount "23"]

1. e4 e5 2. f4 Bc5 3. Qh5 Bxg1 4. Rxg1 exf4 5. Qe5+ Ne7 6. Qxg7 Ng6 7. Bc4 Qe7
8. Na3 c6 9. Kf1 f3 10. gxf3 d5 11. Rxg6 Bh3+ 12. Kf2 {dillyman resigns} 1-0

[Event "ICS Rated blitz match"]
[Site "207.99.83.227"]
[Date "1999.05.08"]
[Round "?"]
[White "VESta"]
[Black "Hossa"]
[Result "0-1"]
[WhiteElo "2410"]
[BlackElo "2485"]
[PlyCount "56"]

1. d4 Nf6 2. c4 d6 3. Nf3 g6 4. Nc3 Bg7 5. e4 Bg4 6. Be2 Bxf3 7. Bxf3 Nfd7 8.
Be3 Nc6 9. Ne2 O-O 10. O-O Nb6 11. Qc2 e5 12. d5 Nd4 13. Nxd4 exd4 14. Bf4 Qe7
15. Rad1 Rae8 16. Rfe1 f5 17. Bd2 fxe4 18. Rxe4 Qf6 19. Rxe8 Rxe8 20. Re1 Rxe1+
21. Bxe1 Qf4 22. Qe2 Be5 23. g3 Qc1 24. Kg2 d3 25. Qd1 Qxd1 26. Bxd1 Nxc4 27.
Bc3 Bxc3 28. bxc3 28... Nb2 {VESta resigns} 0-1

[Event "ICS rated blitz match"]
[Site "207.99.83.227"]
[Date "1999.05.08"]
[Round "?"]
[White "knightmare51"]
[Black "Hossa"]
[Result "1/2-1/2"]
[WhiteElo "2118"]
[BlackElo "2502"]
[PlyCount "200"]

1. d4 Nf6 2. Nf3 e6 3. e3 c5 4. Bd3 cxd4 5. exd4 Bb4+ 6. c3 Be7 7. Bf4 Nc6 8.
Nbd2 Nd5 9. Bg3 O-O 10. O-O f5 11. h3 Qe8 12. Re1 a5 13. Nc4 f4 14. Bh4 Ra6 15.
Bxe7 Qxe7 16. Nce5 Rb6 17. Nxc6 bxc6 18. b3 d6 19. c4 Nb4 20. c5 dxc5 21. dxc5
Qxc5 22. Ne5 f3 23. g3 Nxd3 24. Qxd3 Rb5 25. Qe3 Qa3 26. Nxc6 Rh5 27. h4 Kh8
28. Rad1 Qxa2 29. Ne7 Bb7 30. Qxe6 Rh6 31. Qe3 Qa3 32. Rd7 Bc6 33. Rc7 Be8 34.
Nf5 Rhf6 35. Qxe8 Rxf5 36. Rc8 Qd6 37. Qe6 Qxe6 38. Rxf8+ Rxf8 39. Rxe6 g6 40.
Ra6 Rb8 41. Rxa5 Rxb3 42. Ra7 Rb1+ 43. Kh2 Rf1 44. g4 Rxf2+ 45. Kg3 Rf1 46. Rf7
Rg1+ 47. Kh3 h5 48. gxh5 gxh5 49. Rxf3 Kh7 50. Rf5 Rh1+ 51. Kg3 Kg6 52. Rg5+
Kh6 53. Ra5 Rg1+ 54. Kh3 Rg6 55. Rb5 Rf6 56. Rc5 Rf3+ 57. Kg2 Rf4 58. Kg3 Rg4+
59. Kh3 Re4 60. Rd5 Re1 61. Rc5 Rh1+ 62. Kg3 Rg1+ 63. Kh3 Ra1 64. Kg3 Ra3+ 65.
Kg2 Ra4 66. Kh3 Rb4 67. Rd5 Rb1 68. Rc5 Rb3+ 69. Kg2 Rb2+ 70. Kg3 Rb4 71. Kh3
Rb6 72. Rd5 Rc6 73. Re5 Rc3+ 74. Kg2 Rc4 75. Kg3 Rc8 76. Kh3 Rg8 77. Re6+ Kg7
78. Re5 Rh8 79. Rg5+ Kf6 80. Kg3 Ke6 81. Kf4 Kf6 82. Rf5+ Kg6 83. Rg5+ Kh6 84.
Rf5 Rg8 85. Rf6+ Kh7 86. Kf3 Rg1 87. Rf4 Kg6 88. Kf2 Rd1 89. Kg3 Rd5 90. Kg2
Re5 91. Kg3 Re3+ 92. Rf3 Re4 93. Rf4 Re8 94. Rf3 Rd8 95. Rf4 Rh8 96. Rf3 Rc8
97. Rf4 Rg8 98. Rf3 Rg7 99. Kh3 Rg8 100. Rg3+ 100... Kf7 {
Game drawn by the 50 move rule} 1/2-1/2

[Event "ICS rated blitz match"]
[Site "207.99.83.227"]
[Date "1999.05.08"]
[Round "?"]
[White "egghead"]
[Black "Hossa"]
[Result "1-0"]
[WhiteElo "2507"]
[BlackElo "2489"]
[Annotator "Crafty v16.6"]
[PlyCount "138"]

{annotating for player ossa using a scoring margin of +0.20 pawns. search time
limit is 1:00} 1. e4 1... e5 2. Nf3 Nf6 3. d4 exd4 4. e5 Ne4 5. Qxd4 d5 6. exd6
Nxd6 7. Nc3 Nc6 8. Qf4 Bf5 9. Bb5 Qe7+ ({9:-0.90} 9... Qe7+ 10. Kf1 Bxc2 11.
Nd5 Qd7 12. Ne5 Qc8 13. Bxc6+ bxc6 14. Nb4 Qf5 15. Nbxc6 Qxf4 16. Bxf4 $16) ({
9:-0.63} 9... Be7 10. Nd4 Bd7 11. Nxc6 bxc6 12. Ba4 Nb5 13. Ne4 Bb4+ 14. c3
14... Ba5 $14) 10. Be3 Nxb5 11. Nxb5 Qb4+ 12. Qxb4 Bxb4+ 13. c3 Ba5 14. Nfd4
Nxd4 15. Nxd4 Bg6 16. Nb3 Bb6 17. O-O-O O-O 18. Rhe1 Rfe8 19. Bxb6 cxb6 20. Kd2
Be4 21. f3 Bd5 22. Nd4 Rxe1 23. Rxe1 Bxa2 ({11:-1.49} 23... Bxa2 24. b3 a5 25.
Ra1 Bxb3 26. Nxb3 Kf8 27. Nd4 a4 28. Ra3 28... Ke7 $16) ({11:-0.43} 23... Kf8
24. Kd3 Bc6 25. h4 a6 26. Re5 Re8 27. Rf5 Re1 28. Kd2 28... Rf1 $14) 24. b3 h5
25. Kc2 Kf8 26. Re5 h4 ({12:-2.42} 26... h4 27. Rh5 Ke7 28. Rxh4 a5 29. Re4+
Kd7 30. Kb2 Bxb3 31. Kxb3 Rh8 32. h4 32... Rd8 $18) ({12:-1.72} 26... g6 27.
Kb2 Bxb3 28. Kxb3 a5 29. h4 a4+ 30. Ka3 Ra6 31. c4 f6 32. Ne6+ Ke7 33. Re4 $18)
27. Rh5 Ke7 28. Rxh4 g5 ({12:-2.80} 28... g5 29. Rh5 a5 30. Kb2 Bxb3 31. Kxb3
Rg8 32. g4 Rg6 33. Rh7 Rf6 34. Kc4 $18) ({12:-2.57} 28... a5 29. Kb2 Bxb3 30.
Kxb3 g6 31. Nb5 Rd8 32. Re4+ Kf6 33. Nd4 Rd6 34. c4 34... g5 $18) 29. Re4+ Kd7
30. Kb2 Bxb3 31. Kxb3 Rh8 32. Nf5 Rxh2 33. Re7+ Kc6 34. Nd4+ Kd6 35. Rxb7 Rxg2
36. Rxa7 f6 37. Rb7 Kc5 38. Rf7 g4 39. fxg4 Rxg4 40. Rxf6 Rg1 41. Kb2 Rg2+ 42.
Ka3 Kc4 43. Rc6+ Kd3 44. Nb5 Rg8 45. Kb4 Rb8 46. Rd6+ Ke4 47. Rd4+ Kf3 48. Nd6
Ra8 49. Nc4 Rb8 50. Kb5 Rc8 51. Kxb6 Kf2 52. Rd2+ Kf3 53. Rd3+ Ke2 54. Rd4 Kf2
55. Re4 Kg3 56. Kb5 Rb8+ 57. Nb6 Rd8 58. c4 Rd1 59. c5 Rb1+ 60. Rb4 Rd1 61. c6
Rc1 62. Rc4 Rb1+ 63. Kc5 Re1 64. c7 Re5+ 65. Kd6 Rb5 66. Nd5 Rb1 67. c8=Q Rb2
68. Qg4+ Kh2 69. Qf4+ Kg1 1-0

[Event "ICS rated blitz match"]
[Site "207.99.83.227"]
[Date "1999.05.08"]
[Round "?"]
[White "Hossa"]
[Black "blunite"]
[Result "1-0"]
[WhiteElo "2474"]
[BlackElo "2320"]
[PlyCount "41"]

1. e4 e5 2. f4 exf4 3. Nf3 d6 4. Bc4 g5 5. h4 g4 6. Ng5 Nh6 7. O-O f3 8. gxf3
g3 9. Qe1 Bh3 10. Nxh3 Qxh4 11. Kg2 Nc6 12. d3 Be7 13. Rh1 O-O-O 14. Ng5 Qxg5
15. Bxg5 Bxg5 16. Qxg3 Rhg8 17. Qh3+ Kb8 18. Kf2 Ne5 19. Rg1 Bf4 20. Qh4 Rxg1
21. Qxd8# {blunite checkmated} 1-0

[Event "ICS rated blitz match"]
[Site "207.99.83.227"]
[Date "1999.05.08"]
[Round "?"]
[White "R-172"]
[Black "Hossa"]
[Result "0-1"]
[WhiteElo "2223"]
[BlackElo "2483"]
[PlyCount "98"]

1. d4 Nf6 2. c4 d6 3. Nc3 Nbd7 4. e4 e5 5. Nf3 Be7 6. Be2 O-O 7. O-O c5 8. d5
Nb6 9. a3 Bg4 10. Nd2 Bxe2 11. Qxe2 Qe8 12. b4 Rc8 13. b5 Rd8 14. a4 a5 15.
bxa6 bxa6 16. a5 Nbd7 17. Nf3 Rb8 18. Ba3 Bd8 19. Bb2 Nh5 20. g3 f5 21. exf5
Rxf5 22. Ne1 Nhf6 23. Nd3 Kh8 24. Rfe1 Qg6 25. Bc1 Rb3 26. Bd2 Qh5 27. Qxh5
Rxh5 28. f3 Bc7 29. g4 Rh3 30. Kg2 Rh6 31. Reb1 Rxb1 32. Rxb1 Rg6 33. Nf2 Bxa5
34. Ra1 Bxc3 35. Bxc3 Nb6 36. Rxa6 Nxc4 37. Ra8+ Ng8 38. Ne4 h5 39. Kg3 hxg4
40. fxg4 Kh7 41. h4 Nf6 42. Nxf6+ Rxf6 43. h5 Rf1 44. g5 Rg1+ 45. Kh4 Rh1+ 46.
Kg4 Ne3+ 47. Kf3 Rh3+ 48. Ke4 Nc4 49. Ra7 49... Rxh5 {R-172 resigns} 0-1